city in Indonesia a-z - Statistics

General Stats
  • This quiz has been taken 35 times
  • The average score is 14 of 26
Answer Stats
letter city % Correct
j jakarta, jambi, jepara, jayapura, jember, jogja,
100%
b bandung, Banjarmasin, banjarbaru, bengkulu, banda aceh, bandar lampung,batam, bekasi, balikpapan, batu, binjai, badung, blitar, Bima, bau bau, bitung, bukittinggi, banjar, banyuwangi
92%
c cirebon, cimahi, cepu, cikarang, cilegon, ciamis, cilacap, cianjur, central jakarta
92%
d Denpasar, dumai, depok, donggala, dompu
88%
m makassar, manado, Malang, medan, Madiun, mataram, magelang, muntilan, mamuju, majalengka, Merauke, mojokerto, metro
88%
s South jakarta, surabaya, semarang, Surakarta, sukabumi, solok, sidoarjo, sragen,singkawang, salatiga, South tangerang, sofifi
88%
p pangkalpinang, padang, palembang, pekanbaru, pontianak, probolinggo, palopo,padang panjang, pagar alam, Pati, purbalingga, padang pariaman, purwokerto
80%
g garut, gorontalo, gresik, gunungsitoli, gianyar
64%
t tangerang, Tasikmalaya, tanjungpinang, tomohon, tolitoli, tarakan, tegal, tidore, tambun,ternate, tabanan
60%
y yogyakarta
56%
k kendari, kuningan, kemuning, Kudus, kotamobagu, karawang, kupang
48%
n nganjuk, nabire, nias, Nusa dua, nusa penida, North halmahera, North jakarta
48%
r rangkasbitung, rote, rembang
48%
a ambon, atambua
44%
q no
44%
v no
44%
x no
44%
z no
44%
e ende, empat lawang, enrekang, East jakarta
40%
f fakfak
36%
i indramayu, idi
32%
w West jakarta, wangiwangi, wonosobo, wamena
32%
h halmahera, Hulu sungai selatan, Hulu sungai timur
28%
l lubuklinggau, labuhanbatu, labuan bajo, luwuk, langsa, larantuka
20%
u ujung pandang, ungaran, ubud
16%
o oksibil, ombilin
8%
No matching quizzes found
Score Distribution
Percent of People with Each Score
Percentile by Number Answered
Your Score History
You have not taken this quiz